000 00407nam a2200169Ia 4500
001 31694
003 IN-NITTTR
005 20251114233424.0
008 251113s9999||||xx |||||||||||||| ||eng||
040 _beng
040 _cIN-NITTTR
041 _aeng
082 _a006.32 Z81I
100 _aZurada, Jacek M.
245 0 _aIntroduction to artificial neural systems /
_cZurada, Jacek M.
942 _2ddc
_cBK
999 _c34324
_d34324